Talent management: buďte vůči svým talentům transparentní

Ako pracovať s talentmi, ako hodnotiť ich rozvoj.

Salvato in:
Dettagli Bibliografici
Autore principale: Říha, Zbyšek
Natura: Capitolo di libro
Lingua:ceco
Soggetti:
Tags: Aggiungi Tag
Nessun Tag, puoi essere il primo ad aggiungerne!!

MARC

LEADER 00000naa a2200000 4500
001 0236436
005 20221216121442.7
041 0 |a cze 
044 |a CZ 
245 1 0 |a Talent management: buďte vůči svým talentům transparentní  |c Zbyšek Říha 
520 |a Ako pracovať s talentmi, ako hodnotiť ich rozvoj. 
610 2 0 |a firmy 
610 2 0 |a talenty 
610 2 0 |a hodnotenie pracovníkov 
610 2 0 |a talent manažment 
100 1 |a Říha, Zbyšek